| 000 | 01035nam a2200229Ia 4500 | ||
|---|---|---|---|
| 003 | IN-BaIIA | ||
| 008 | 211028s9999 xx s 000 0 eng d | ||
| 020 | _a978-0-521-87464-9 (Print) | ||
| 022 | _a1743-9213 (Print) | ||
| 022 | _a1743-9221 (Online) | ||
| 040 | _cIIA Library | ||
| 100 |
_aChapman, J. M., ed. _940544 |
||
| 245 | 0 |
_aAstrophysical masers and their environments _h[eBook] |
|
| 260 |
_aCambridge _bCambridge University Press _c2008 |
||
| 300 | _aOnline resource | ||
| 490 | _aIAU symposium; no. 242 | ||
| 650 |
_a Masers and their environments - Congresses _932134 |
||
| 650 |
_aAstrophysical masers - Congresses _932133 |
||
| 700 |
_aBaan, Willem A., ed. _940545 |
||
| 856 |
_uhttps://www.cambridge.org/core/journals/proceedings-of-the-international-astronomical-union/issue/756159D1151D24D7E0197562156317CC _yClick Here to Access eBook |
||
| 942 | _cEB | ||
| 999 |
_c21952 _d21952 |
||